Notas de viaje en Francia y Suiza: París, 21 de mayo de 1900

Guardat en:
Dades bibliogràfiques
Autor principal: Barros Luco, Ramón (Autor)
Format: Llibre
Idioma:espanyol
Publicat: París Librería Española de Garnier Hermanos 1900
Edició:1a. ed
Matèries:
Etiquetes: Afegir etiqueta
Sense etiquetes, Sigues el primer a etiquetar aquest registre!

MARC

LEADER 00000nam a2200000 a 4500
001 UCJ3661
003 CL-VaPUC
008 070124e19000000FR |||||||||||||||||spa|d
082 0 4 |a 910.4  |b BAR  |2 21 
100 0 |a Barros Luco, Ramón  |e author  |9 268141 
245 1 0 |a Notas de viaje en Francia y Suiza: París, 21 de mayo de 1900 
250 |a 1a. ed 
300 |a 81 p 
942 |c BK 
945 |d 20070124 00:00:00  |a rinostro 
260 |a París  |b Librería Española de Garnier Hermanos  |c 1900 
650 0 |a Viajes  |9 257115 
650 0 |a Diplomacia  |9 256483 
650 0 |a Relaciones Internacionales  |9 255740 
650 0 |a Comercio  |9 255341 
650 0 |a Inmigración  |9 268290 
650 0 |a Educación  |9 258661 
651 0 |a Francia  |9 255157 
651 7 |a CHILE  |2 CL-VaPUC  |9 505859 
583 |a last modification  |c 20070124 00:00:00  |k Rodrigo Vera 
999 |c 319783  |d 319781 
952 |0 0  |1 0  |4 0  |6 910_400000000000000_BAR_1900  |7 0  |8 X  |9 398160  |a FDOBUD  |b FDOBUD  |d 2019-11-22  |i 1006657  |o 910.4 BAR 1900  |p 1006657  |r 2019-11-22  |w 2019-11-22  |y BK_X  |k BUD